Das Lächeln am Knie; (Record no. 4819)

MARC details
000 -LEADER
fixed length control field 00602cam a22002051 4500
001 - CONTROL NUMBER
control field af 48001999
003 - CONTROL NUMBER IDENTIFIER
control field DLC
005 - DATE AND TIME OF LATEST TRANSACTION
control field 20260227110852.0
008 - FIXED-LENGTH DATA ELEMENTS--GENERAL INFORMATION
fixed length control field 890405s1943 gw a 000 1 ger c
010 ## - LIBRARY OF CONGRESS CONTROL NUMBER
LC control number af 48001999
035 ## - SYSTEM CONTROL NUMBER
System control number (OCoLC)19498283
040 ## - CATALOGING SOURCE
Original cataloging agency Yale Univ. Library
Transcribing agency CU
Modifying agency DLC
042 ## - AUTHENTICATION CODE
Authentication code premarc
050 00 - LIBRARY OF CONGRESS CALL NUMBER
Classification number PT2615.A5733
Item number L3
100 1# - MAIN ENTRY--PERSONAL NAME
Personal name Hansemann, Walther.
245 14 - TITLE STATEMENT
Title Das Lächeln am Knie;
Remainder of title Stenogramme aus dem Alltag.
Statement of responsibility, etc. Mit Federzeichnungen von G.T. Schulz.
260 ## - PUBLICATION, DISTRIBUTION, ETC.
Place of publication, distribution, etc. Hamburg,
Name of publisher, distributor, etc. Hammerich & Lesser
Date of publication, distribution, etc. [1943]
300 ## - PHYSICAL DESCRIPTION
Extent 93 p.
Other physical details illus.
Dimensions 17 cm.
500 ## - GENERAL NOTE
General note Short stories.

No items available.

Powered by Koha